000 00929nam a22002417a 4500
999 _c16677
_d16677
003 AR-CdUCM
008 190504b ||||| |||| 00| 0 spa d
040 _aMUNICIPALIDAD PROVINCIAL DEL CUSCO
_cBIBLIOTECA MUNICIPAL DEL CUSCO
041 _hrus
082 _a335.43 /
_bB89
100 _aBujarin, Nicolás
_920241
245 _aEl abc del comunismo /
260 _aMéxico D. F. :
_bGrijalbo,
_c1971.
300 _a160 páginas ;
_c19 cm.
440 _aColección 70 / Tercera serie.
_n110
_936255
505 _aContenido: Nuestro programa -- El orden social -- Desenvolvimiento del orden social capitalista -- Comunismo y dictadura del proletariado -- Del capitalismos al comunismo -- La segunda y la tercera Internacional.
650 _aComunismo
_9495
650 _aCapitalismo
_93221
650 _aSiglo XX
_98
700 _aSolórzano, Ramón (traducción)
_936256
942 _2ddc
_cLIBROS
945 _aachl
_d2019-05-04